Exploring language / (Record no. 3807)
[ view plain ]
| 000 -LEADER | |
|---|---|
| fixed length control field | nam a22 7a 4500 |
| 005 - DATE AND TIME OF LATEST TRANSACTION | |
| control field | 20170524090403.0 |
| 008 - FIXED-LENGTH DATA ELEMENTS--GENERAL INFORMATION | |
| fixed length control field | 170524b1989 ilu||||| |||| 00| 0 eng d |
| 020 ## - INTERNATIONAL STANDARD BOOK NUMBER | |
| International Standard Book Number | 0673398447 |
| 040 ## - CATALOGING SOURCE | |
| Original cataloging agency | AKMAL |
| 082 ## - DEWEY DECIMAL CLASSIFICATION NUMBER | |
| Classification number | 808.0427 GOS |
| 090 ## - LOCALLY ASSIGNED LC-TYPE CALL NUMBER (OCLC); LOCAL CALL NUMBER (RLIN) | |
| Classification number (OCLC) (R) ; Classification number, CALL (RLIN) (NR) | 808.0427 |
| Local cutter number (OCLC) ; Book number/undivided call number, CALL (RLIN) | GOS |
| 245 00 - TITLE STATEMENT | |
| Title | Exploring language / |
| Statement of responsibility, etc. | edited by Gary Goshgarian. |
| 250 ## - EDITION STATEMENT | |
| Edition statement | 5th ed. |
| 260 ## - PUBLICATION, DISTRIBUTION, ETC. | |
| Place of publication, distribution, etc. | Glenview, Ill. : |
| Name of publisher, distributor, etc. | Scott, Foresman, |
| Date of publication, distribution, etc. | c1989 |
| 300 ## - PHYSICAL DESCRIPTION | |
| Extent | xviii, 472 p. : |
| Other physical details | ill. ; |
| Dimensions | 23 cm |
| 650 #0 - SUBJECT ADDED ENTRY--TOPICAL TERM | |
| Topical term or geographic name entry element | College readers. |
| 9 (RLIN) | 1469 |
| 650 #0 - SUBJECT ADDED ENTRY--TOPICAL TERM | |
| Topical term or geographic name entry element | English language |
| General subdivision | Rhetoric |
| -- | Problems, exercises, etc. |
| 9 (RLIN) | 7493 |
| 650 #0 - SUBJECT ADDED ENTRY--TOPICAL TERM | |
| Topical term or geographic name entry element | Language and languages |
| General subdivision | Problems, exercises, etc. |
| 9 (RLIN) | 7537 |
| 650 #0 - SUBJECT ADDED ENTRY--TOPICAL TERM | |
| Topical term or geographic name entry element | Report writing |
| General subdivision | Problems, exercises, etc. |
| 9 (RLIN) | 7455 |
| 700 1# - ADDED ENTRY--PERSONAL NAME | |
| Personal name | Goshgarian, Gary. |
| 9 (RLIN) | 7538 |
| 942 ## - ADDED ENTRY ELEMENTS (KOHA) | |
| Source of classification or shelving scheme | |
| Koha item type | Book |
| Withdrawn status | Lost status | Source of classification or shelving scheme | Damaged status | Not for loan | Collection code | Home library | Current library | Shelving location | Date acquired | Inventory number | Total Checkouts | Full call number | Barcode | Date last seen | Price effective from | Koha item type |
|---|---|---|---|---|---|---|---|---|---|---|---|---|---|---|---|---|
| NON-FICTION | AKMAL Melaka | AKMAL Melaka | PINJAMAN | 24.05.2017 | 800380 | 808.0427 GOS | 201704977 | 24.05.2017 | 24.05.2017 | Book |
